000 00860nam a2200241Ia 4500
003 OSt
005 20221005110640.0
006 a|||||r|||| 00| 0
007 ta
008 221004b |||||||| |||| 00| 0 hin d
024 _a30383
037 _cTextual
040 _aCRL
_cCRL
_bhin
041 _2hin
_ahin
082 _aV2'L, 152M9
100 _aहबीब, इरफ़ान, संपा.
245 0 _aमध्यकालीन भारत अंक
_b दो
246 _aMadhyayugīn bhārat 712-1761ī. Āj kā bhārata
260 _aनई दिल्ली
_bराजकमल प्रकाशन प्राइवेट लिमिटेड भारत
_c1983
300 _a168पृ.
_ccm.
942 _hV2'L, 152M9
_cTEXL
_2cc
999 _c1019467
_d1019467